Эпатаж и скабрезность в рекламе; Энергия молодых - экономике России; Ч. 2

Opis bibliograficzny
Parent link:Энергия молодых - экономике России: труды IX Международной научно-практической конференции студентов и молодых ученых, г. Томск, 19-22 мая 2008 г./ Томский политехнический университет (ТПУ) ; Вольное экономическое общество России ; Международный союз экономистов (МСЭ).— , 2008
Ч. 2.— 2008.— С. 122-123
1. autor: Коровинская Е. Н.
Kolejni autorzy: Ерёмина Е. А. (научный руководитель), Варлачёва Н. В.
Język:rosyjski
Wydane: 2008
Hasła przedmiotowe:
Format: MixedMaterials Rozdział
KOHA link:https://koha.lib.tpu.ru/cgi-bin/koha/opac-detail.pl?biblionumber=159223

MARC

LEADER 00000naa2a2200000 4500
001 159223
005 20231031154958.0
035 |a (RuTPU)RU\TPU\book\172686 
090 |a 159223 
100 |a 20090507d2008 k y0rusy50 ca 
101 0 |a rus 
102 |a RU 
200 1 |a Эпатаж и скабрезность в рекламе  |f Е. Н. Коровинская, Е. А. Ерёмина  |g науч. рук. Н. В. Варлачёва 
320 |a Библиогр.: 2 назв. 
461 1 |0 (RuTPU)RU\TPU\book\166087  |t Энергия молодых - экономике России  |o труды IX Международной научно-практической конференции студентов и молодых ученых, г. Томск, 19-22 мая 2008 г.  |f Томский политехнический университет (ТПУ) ; Вольное экономическое общество России ; Международный союз экономистов (МСЭ)  |d 2008 
463 0 |0 (RuTPU)RU\TPU\book\167192  |t Ч. 2  |v С. 122-123  |d 2008 
610 1 |a реклама 
610 1 |a эпатаж 
610 1 |a агрессивность 
610 1 |a сексуальность 
610 1 |a аморальность 
610 1 |a труды учёных ТПУ 
700 1 |a Коровинская  |b Е. Н. 
701 1 |a Ерёмина  |b Е. А. 
702 1 |a Варлачёва  |b Н. В.  |4 727 
801 1 |a RU  |b 63413507  |c 20090507  |g PSBO 
801 2 |a RU  |b 63413507  |c 20161122  |g PSBO 
942 |c BK